Online
Catalog

Nuevas pictografías en la isla de Santo Domingo / (Record no. 26634)

MARC details
000 -CABECERA
campo de control de longitud fija 01088nam a2200301 a 4500
001 - NÚMERO DE CONTROL
campo de control 000027142
003 - IDENTIFICADOR DEL NÚMERO DE CONTROL
campo de control DO-SdBNP
005 - FECHA Y HORA DE LA ÚLTIMA TRANSACCIÓN
campo de control 20241030132609.0
006 - CÓDIGOS DE INFORMACIÓN DE LONGITUD FIJA--CARACTERÍSTICAS DEL MATERIAL ADICIONAL
campo de control de longitud fija a||||gr|||| 00| 0
007 - CAMPO FIJO DE DESCRIPCIÓN FÍSICA--INFORMACIÓN GENERAL
campo de control de longitud fija ta
008 - DATOS DE LONGITUD FIJA--INFORMACIÓN GENERAL
campo de control de longitud fija 110329s1978 dr abd 000 | spa d
040 ## - FUENTE DE LA CATALOGACIÓN
Centro catalogador/agencia de origen DO-SdBNP
Lengua de catalogación spa
Centro/agencia transcriptor BNPHU
Normas de descripción rda
082 #4 - NÚMERO DE LA CLASIFICACIÓN DECIMAL DEWEY
Número de documento/Ítem P128n
Número de edición 22
100 1# - ENTRADA PRINCIPAL--NOMBRE DE PERSONA
Nombre de persona Pagán Perdomo, Dato
9 (RLIN) 21572
Término indicativo de función/relación autor
245 10 - MENCIÓN DE TÍTULO
Título Nuevas pictografías en la isla de Santo Domingo /
Mención de responsabilidad, etc. Dato Pagán Perdomo ; prólogo, Bernardo Vega ; fotos, Daniel Castillo
264 #4 - PRODUCCIÓN, PUBLICACIÓN, DISTRIBUCIÓN, FABRICACIÓN Y COPYRIGHT
Producción, publicación, distribución, fabricación y copyright Santo Domingo :
Nombre del de productor, editor, distribuidor, fabricante Editora Museo del Hombre Dominicano,
Fecha de producción, publicación, distribución, fabricación o copyright 1978.
300 ## - DESCRIPCIÓN FÍSICA
Extensión 129 páginas :
Otras características físicas ilustraciones, mapas, retratos ;
Dimensiones 28 cm.
336 ## - TIPO DE CONTENIDO
Término de tipo de contenido texto
Código de tipo de contenido txt
Fuente rdacontent
337 ## - TIPO DE MEDIO
Nombre/término del tipo de medio sin mediación
Código del tipo de medio n
Fuente rdamedia
338 ## - TIPO DE SOPORTE
Nombre/término del tipo de soporte volumen
Código del tipo de soporte nc
Fuente rdacarrier
490 1# - MENCIÓN DE SERIE
Mención de serie Estudio y Arte
Designación de volumen o secuencia 4
590 ## - NOTA LOCAL (RLIN)
Nota local Inventariado 2024 / MF
650 #4 - PUNTO DE ACCESO ADICIONAL DE MATERIA--TÉRMINO DE MATERIA
Término de materia o nombre geográfico como elemento de entrada Pinturas en Cuevas
Subdivisión geográfica República Dominicana
9 (RLIN) 61718
650 #4 - PUNTO DE ACCESO ADICIONAL DE MATERIA--TÉRMINO DE MATERIA
Término de materia o nombre geográfico como elemento de entrada Cuevas
Subdivisión geográfica República Dominicana
9 (RLIN) 61717
700 1# - PUNTO DE ACCESO ADICIONAL--NOMBRE DE PERSONA
Nombre de persona Vega, Bernardo,
Fechas asociadas al nombre 1938 -
Término indicativo de función/relación prologuista
Código de función/relación pr.
9 (RLIN) 3222
700 1# - PUNTO DE ACCESO ADICIONAL--NOMBRE DE PERSONA
Nombre de persona Castillo, Daniel,
9 (RLIN) 53407
Término indicativo de función/relación fotos.
942 ## - ELEMENTOS DE PUNTO DE ACCESO ADICIONAL (KOHA)
Fuente del sistema de clasificación o colocación Dewey Decimal Classification
Tipo de ítem Koha Libro
Holdings
Estado de retiro Estado de pérdida Fuente del sistema de clasificación o colocación Restricciones de uso No para préstamo Código de colección Localización permanente Ubicación/localización actual Ubicación en estantería Fecha de adquisición Fuente de adquisición Total de préstamos Signatura topográfica completa Código de barras Fecha visto por última vez Número de copia Precio válido a partir de Tipo de ítem Koha Nota pública
    Dewey Decimal Classification Préstamo en sala   Dominicana de Servicio Biblioteca Nacional Pedro Henríquez Ureña Biblioteca Nacional Pedro Henríquez Ureña En catalogación 12.04.2011 Donación   BNPHU DS P128n 2024-3395 25.06.2020 e. 3 25.06.2020 Libro Perteneció a la biblioteca personal de Aída Cartagena Portalatín.
    Dewey Decimal Classification Préstamo en sala   Dominicana de Servicio Biblioteca Nacional Pedro Henríquez Ureña Biblioteca Nacional Pedro Henríquez Ureña En catalogación 01.07.2011 Donado por la Presidencia de la República Dominicana 2023.   BNPHU DS P128n 2024-3396 25.06.2020 e. 4 25.06.2020 Libro Perteneció a la biblioteca personal de Emilio Cordero Michel.
    Dewey Decimal Classification Préstamo en sala   Dominicana de Servicio Biblioteca Nacional Pedro Henríquez Ureña Biblioteca Nacional Pedro Henríquez Ureña En catalogación 18.02.2015 Donado por la Presidencia de la República Dominicana 2023.   BNPHU DS P128n 2024-3397 25.06.2020 e. 5 25.06.2020 Libro Perteneció a la biblioteca personal de Emilio Cordero Michel.
    Dewey Decimal Classification Excluido de préstamo   Patrimonio Dominicano Biblioteca Nacional Pedro Henríquez Ureña Biblioteca Nacional Pedro Henríquez Ureña En catalogación 29.03.2011 Donado por el Museo del Hombre Dominicano   BNPHU PD P128n 27142-10 25.06.2020   25.06.2020 Libro  
    Dewey Decimal Classification Excluido de préstamo   Patrimonio Dominicano Biblioteca Nacional Pedro Henríquez Ureña Biblioteca Nacional Pedro Henríquez Ureña En catalogación 04.04.2011 Donación   BNPHU PD P128n 27142-20 25.06.2020 e. 2 25.06.2020 Libro Perteneció a la biblioteca personal de Sonia Ginebra.

Powered by Koha